[Event "16th IRI-chT Super League 2017"]
[Site "Sari"]
[Date "2017.10.18"]
[Round "8"]
[White "Sedaghati, Mehrdad"]
[Black "Ali Babaei, Sasan"]
[Result "1-0"]
[WhiteElo "2213"]
[BlackElo "2029"]
[Annotator "TA"]
[PlyCount "97"]
[EventDate "2017.??.??"]
[EventType "team-tourn"]
[EventCountry "IRI"]
[SourceTitle "playchess.com"]
[Source "ChessBase"]
[SourceQuality "1"]

{[%evp 21,97,7,23,18,32,0,0,0,0,-72,-73,-89,-45,-77,-39,-26,-21,-77,-16,-83,-75,-78,-70,-141,-99,-120,-110,-118,-124,-131,-132,-178,-169,-159,-188,-178,-150,-177,-131,-133,-131,-150,-45,-62,-56,-43,-57,-69,-48,-77,-42,-46,0,-41,141,129,237,218,207,129,407,400,416,411,412,317,291,241,654,646,837,828,911,1305,1285,1178,1224,1100]} 1. e4 e5 2. Nf3 Nc6 3. Bb5 Bc5 4. O-O Nf6 5. d3 d6 6. c3 O-O 7. Nbd2 a6 {C65: Ruy Lopez: Berlin Defence (3...Nf6), unusual lines and 4 0-0 Bc5} 8. Ba4 (8. Bxc6 bxc6 9. Re1 Ba7 10. d4 Re8 11. Qc2 Nh5 12. dxe5 dxe5 13. Nc4 Qf6 14. Be3 Nf4 15. Bxf4 exf4 {½-½ (47) Wang,H (2698)-Le,Q (2726) Danzhou 2017}) 8... Ba7 9. h3 Ne7 10. Re1 Ng6 11. Nf1 h6 {LiveBook: 18 Games} 12. Ng3 d5 13. Qc2 $146 ({Predecessor:} 13. exd5 Nxd5 14. Bb3 c6 15. d4 exd4 16. Nxd4 {1-0 (37) Kulaots,K (2556)-Sepp,O (2429) Puhajarve 2016}) 13... b5 14. Bb3 c5 {[#] Hoping for ...c4.} 15. c4 (15. exd5 $11 Nxd5 16. a4 (16. Nxe5 Re8 $14)) 15... bxc4 $17 16. dxc4 dxe4 (16... d4 {is more complex.} 17. Ba4 Qc7 18. Bd2 Bb6 19. Nf5 Rb8) 17. Nxe4 Bf5 18. Nxf6+ Qxf6 19. Qe2 (19. Qc3 $11) 19... Rfe8 (19... e4 $17 20. Nh2 Ne5) 20. Nh2 (20. Ba4 $11 {remains equal.}) 20... Rad8 21. Bc2 e4 {[%cal Be5e4,Be4d3][%mdl 32]} 22. Ba4 ({White should try} 22. Qh5 $15) 22... Re7 23. Be3 {[#]} Ne5 $1 24. Red1 Nd3 25. Bc2 Bb8 26. Bxd3 exd3 27. Qf3 Qe5 28. Nf1 Bg6 29. Qc6 Qxb2 30. Qxc5 Qf6 31. Rab1 Ba7 (31... Bc7 $17 32. Nd2 Qe6) 32. Qa5 $15 Rde8 33. Bxa7 Rxa7 34. Ne3 Qf4 35. Qd2 Qd4 36. Qb2 Qf4 37. Rbc1 Bh5 $2 (37... Kh7 $15 {stays ahead.}) 38. Rxd3 $16 Rae7 (38... Bg6 $16 {is a better defense.} 39. Rb3 Be4) 39. c5 $18 {[%cal Bc4c5,Bc5c6,Bc6c7][%mdl 32]} Bg6 40. Rdd1 {Threatens to win with Nd5.} Qg5 $2 {[%mdl 8192]} (40... Be4 $16 {was worth a try.} 41. Qb6 Qg5) 41. c6 Rc8 42. Nd5 Ree8 {intending ...Be4.} 43. c7 {Black must now prevent Nb6.} Be4 {[%csl Ge4][%cal Rg5g2]} 44. f4 Qg3 $2 (44... Qg6 45. Kh2 Qh5) 45. Nb6 {White is clearly winning.} Qe3+ 46. Qf2 Qa3 47. Nxc8 Rxc8 48. Rc4 Bf5 49. Qc5 {Precision: White = 46%, Black = 30%.} 1-0

[Event "16th IRI-chT Super League 2017"]
[Site "Sari"]
[Date "2017.10.18"]
[Round "8"]
[White "Moradi, Amirmasoud"]
[Black "Idani, Pouya"]
[Result "0-1"]
[WhiteElo "2208"]
[BlackElo "2572"]
[Annotator "TA"]
[PlyCount "100"]
[EventDate "2017.??.??"]
[EventType "team-tourn"]
[EventCountry "IRI"]
[SourceTitle "playchess.com"]
[Source "ChessBase"]
[SourceQuality "1"]

{[%evp 9,100,0,0,0,0,-9,0,-6,0,-8,-10,-24,-20,-61,-62,-55,-57,-60,-54,-37,-32,-66,-53,-74,-78,-77,-86,-75,-70,-94,-87,-83,-81,-96,-95,-97,-97,-97,-105,-106,-107,-112,-100,-102,-107,-104,-97,-97,-102,-108,-99,-102,-103,-100,-94,-100,-100,-97,-94,-107,-97,-108,-110,-154,-160,-196,-203,-214,-214,-247,-213,-227,-202,-283,-283,-265,-251,-353,-304,-605,-407,-1237,-1277,-1397,-923,-1460,-1275,-2444,-2352,-2214,-1526,-2264,-2230]} 1. e4 c5 2. Nf3 d6 3. Bc4 Nf6 4. Nc3 a6 5. a4 Nc6 {LiveBook: 6 Games} 6. O-O {B50: Sicilian: 2...d6, Miscellaneous} (6. d4 cxd4 7. Nxd4 Bd7 8. Bg5 Qa5 9. Bxf6 gxf6 10. Nxc6 bxc6 11. Qd3 Rg8 12. g3 e6 13. O-O-O {0-1 (71) Kovalev,A (2537)-Stachowiak,K (2440) Legnica 2015}) 6... Bg4 7. h3 Bh5 8. Be2 {The position is equal.} e6 9. d3 Be7 10. Be3 O-O $146 ({Predecessor:} 10... d5 11. exd5 exd5 {½-½ (72) Lochmann,V (1880)-Bahr,P (1933) Hamburg 2010}) 11. d4 Bxf3 12. Bxf3 cxd4 13. Bxd4 Nxd4 14. Qxd4 Nd7 15. Rfd1 Qc7 16. Qb4 Ne5 17. Be2 Rac8 18. Qb3 Bf6 19. Bd3 Rfd8 20. Rac1 Nd7 21. Ne2 Nc5 22. Qb4 d5 23. exd5 Rxd5 24. Nc3 Bxc3 25. bxc3 a5 26. Qh4 g6 27. Bb5 Rcd8 28. Rd4 e5 29. Rxd5 Rxd5 30. Re1 Qd6 31. Qg3 Rd1 $36 {[%mdl 2048] Keeping White busy.} 32. Rxd1 Qxd1+ 33. Kh2 Qd6 34. Qh4 Kg7 35. Qc4 b6 (35... f5 {seems wilder.} 36. g4 b6 37. gxf5 Qf6 38. Kg1 Qxf5 39. Qh4 Qf6) 36. Be8 Qe6 37. Qxe6 Nxe6 $17 {[%mdl 4096] Endgame KB-KN} ({And not} 37... fxe6 38. Bc6 $11) 38. Kg3 f5 39. Kf3 Kf6 40. Ke3 e4 41. Bc6 (41. f3 $142 exf3 42. Kxf3) 41... Ke5 $19 42. g3 g5 {[%cal Bg6g5,Bg5h4][%mdl 32]} 43. Bb5 (43. g4 $142 f4+ 44. Kd2) 43... h5 44. Bc4 $2 {[#]} (44. h4 f4+ 45. gxf4+ gxf4+ 46. Kd2) 44... f4+ {[%cal Bf5f4,Bf4f3][%mdl 32]} 45. Ke2 (45. Kd2 $142 Nc5 46. Bb5) 45... h4 {Black is clearly winning.} 46. gxh4 gxh4 47. Ba6 f3+ 48. Ke3 Nf4 49. Bb7 Ng2+ 50. Kd2 Kf4 {Precision: White = 39%, Black = 93%.} 0-1

[Event "16th IRI-chT Super League 2017"]
[Site "Sari"]
[Date "2017.10.18"]
[Round "8"]
[White "Korevand, Sina"]
[Black "Gholami, Aryan"]
[Result "0-1"]
[WhiteElo "2184"]
[BlackElo "2482"]
[Annotator "TA"]
[PlyCount "88"]
[EventDate "2017.??.??"]
[EventType "team-tourn"]
[EventCountry "IRI"]
[SourceTitle "playchess.com"]
[Source "ChessBase"]
[SourceQuality "1"]

{[%evp 19,88,52,97,77,91,72,81,57,89,40,55,61,45,41,48,29,25,13,47,18,22,0,47,-29,56,0,41,35,51,50,56,52,56,43,47,39,42,-6,59,60,115,20,11,13,57,0,34,-53,-45,-50,-47,-315,-303,-313,-276,-288,-216,-244,-246,-274,-253,-320,-307,-345,-345,-439,-439,-956,-952,-941,-896]} 1. e4 c5 2. Nf3 e6 3. d4 cxd4 4. Nxd4 a6 5. c4 Nf6 6. Nc3 Qc7 7. a3 b6 8. Be3 Bb7 {B41: Sicilian: Kan Variation: 5 c4} 9. f3 Nc6 (9... d6 10. Be2 Nbd7 11. Rc1 Be7 12. O-O O-O 13. Kh1 Rac8 14. b4 Rfd8 15. Bg1 Qb8 16. Nb3 {1-0 (50) Ponomariov,R (2712)-Wojtaszek,R (2727) Huaian 2016}) 10. Be2 h5 {LiveBook: 3 Games. White is slightly better.} 11. Rc1 Ne5 12. O-O Be7 $146 ({Predecessor:} 12... Rc8 13. b4 Qb8 14. Na4 Bd6 15. h3 Bc7 16. b5 {0-1 (46) Tsiros,F (1969)-Kotronias,V (2579) Nikaia 2013}) 13. b4 d6 14. a4 O-O 15. Nb3 Rab8 ({Don't go for} 15... Nxc4 $2 16. Bxc4 d5 17. Bxa6 $18 (17. exd5 Qxc4 18. d6 Bd8 $11)) 16. a5 bxa5 17. b5 Nfd7 18. Na4 Nc5 19. Nbxc5 dxc5 20. Qe1 Rfc8 21. Bd2 (21. Qf2 $14) 21... Bd8 (21... axb5 $11 22. cxb5 c4) 22. Be3 (22. Qf2 $14) 22... Nd7 23. Qf2 {[%mdl 1024] White has compensation.} Be7 24. Rfd1 Nf8 25. Qe1 e5 26. b6 Qc6 27. Qxa5 Ne6 $1 28. Rd5 f6 ({Black should play} 28... Nd4 $11 29. Bd1 f6) 29. Bd1 $14 Qe8 ({Better is} 29... Nd4 $14) 30. Nc3 ({Inferior is} 30. Nxc5 Bxd5 31. Nxa6 (31. cxd5 $2 Nxc5 32. Bxc5 Bxc5+ 33. Rxc5 Rxc5 $19) 31... Bc6 $15) (30. Rxc5 $16 Bxc5 31. Nxc5) 30... Bxd5 $11 31. Nxd5 Bd8 {Black wants to play ...Bxb6!} 32. Rb1 ({White should try} 32. Ba4 $14 Qf7 33. Qxa6) 32... Qc6 33. Qxa6 (33. h3 $14) 33... Ra8 $15 34. Qb5 Qxb5 35. Rxb5 $4 {[%mdl 8192] [#]} ({White must play} 35. cxb5 $15 Rcb8 36. Bb3) 35... Ra1 $19 36. Nc3 Rb8 37. b7 Ra7 38. Na4 Raxb7 39. Bb3 Be7 40. Ba2 Nd4 41. Bxd4 exd4 42. h3 Kf8 {Black is clearly winning.} 43. Nxc5 (43. Ra5 $142) 43... Bxc5 44. Rxc5 Ra7 {Precision: White = 30%, Black = 50%.} 0-1

[Event "16th IRI-chT Super League 2017"]
[Site "Sari"]
[Date "2017.10.18"]
[Round "8"]
[White "Maleki, Mojtaba"]
[Black "Pourramezanali, Amirreza"]
[Result "1/2-1/2"]
[WhiteElo "2151"]
[BlackElo "2543"]
[Annotator "TA"]
[PlyCount "117"]
[EventDate "2017.??.??"]
[EventType "team-tourn"]
[EventCountry "IRI"]
[SourceTitle "playchess.com"]
[Source "ChessBase"]
[SourceQuality "1"]

{[%evp 18,117,23,26,25,14,11,13,16,17,35,-6,-14,-14,12,0,0,-11,-8,-4,0,0,0,0,0,0,0,0,18,0,0,0,0,0,0,0,218,215,220,217,220,220,220,210,214,218,208,86,93,23,31,0,12,0,0,0,0,-5,-5,-5,-5,-5,-5,-5,0,0,0,-5,0,-5,-5,-5,-5,-5,-5,-5,-5,-5,-5,-11,-5,-5,-5,-5,-5,-5,-5,-5,0,-5,-5,-5,0,0,0,-5,0,0,0,0,0,0]} 1. d4 d5 2. c4 c6 3. Nc3 Nf6 4. cxd5 cxd5 5. Bf4 Nc6 6. e3 Bf5 7. Qb3 Na5 8. Bb5+ Bd7 9. Qa4 Nc6 10. Nf3 a6 {D10: Slav Defence: 3 cxd5 (without early Nf3) and 3 Nc3} 11. Bxc6 Bxc6 12. Qb3 e6 13. Ne5 Nd7 14. O-O Nxe5 15. Bxe5 {[#]} Qa5 $146 ({Predecessor:} 15... f6 16. Bg3 Qd7 17. Rfc1 Be7 18. Ne2 {½-½ (27) Sargissian,G (2679)-Bartel,M (2623) Baku 2015}) 16. a3 f6 17. Bf4 Kf7 18. Rfe1 g5 19. Bg3 h5 20. h4 gxh4 21. Bxh4 Rg8 22. Qc2 Rg4 23. Qh7+ Bg7 {Strongly threatening ...Rh8.} 24. Qxh5+ Rg6 {...Rh8 is the strong threat.} 25. Ne4 Qd8 $1 26. Nc5 $36 {[%cal Be4c5,Bc5d3,Bd3e5][%mdl 2080] White has the initiative.} Qe7 $2 {[#]} (26... Qh8 $11 27. Qxh8 Rxh8) 27. Nd3 $1 $18 {[%cal Rd3f4] And now Nf4 would win.} Rh8 {[#]} 28. Ne5+ $1 {[%mdl 512]} fxe5 {[#]} 29. Qxg6+ $1 {[%mdl 512]} Kxg6 30. Bxe7 exd4 31. exd4 Bxd4 32. Bd6 (32. Rxe6+ $18 {is more deadly.} Kf5 33. Re2) 32... Kf5 33. Rab1 (33. Rad1 $16 Bxb2 34. Re2) 33... e5 34. b4 Rh6 {The position is equal.} 35. Bc5 {Hoping for Bxd4.} Bc3 36. Re3 d4 37. Rxc3 dxc3 $11 {[%mdl 4096] Endgame KRB-KRB} 38. Rc1 Rg6 39. Rxc3 Rxg2+ 40. Kf1 Rh2 41. Ke2 Rh1 42. Bd6 Ke6 43. Bc7 Ra1 44. Bb6 Ra2+ 45. Kd1 Kf5 46. Kc1 Bb5 47. Kb1 Re2 48. Re3 Rd2 49. Rc3 Bc6 50. Kc1 Ra2 51. Kb1 Re2 52. Kc1 Be4 53. Kd1 Ra2 54. Kc1 Bc6 55. Kb1 Re2 56. Kc1 e4 57. Be3 Kg4 58. Bb6 Bb5 59. Re3 {Precision: White = 64%, Black = 52%.} 1/2-1/2

[Event "16th IRI-chT Super League 2017"]
[Site "Sari"]
[Date "2017.10.18"]
[Round "8"]
[White "Bagheri Taleghani, Nadia"]
[Black "Khademalsharieh, Sarasadat"]
[Result "0-1"]
[WhiteElo "1803"]
[BlackElo "2414"]
[Annotator "TA"]
[PlyCount "80"]
[EventDate "2017.??.??"]
[EventType "team-tourn"]
[EventCountry "IRI"]
[SourceTitle "playchess.com"]
[Source "ChessBase"]
[SourceQuality "1"]

{[%evp 9,80,17,22,21,31,4,22,6,21,0,-3,-9,-21,-10,-9,-26,-24,-42,-47,-33,-25,-63,-60,-50,-43,-68,-67,-76,-55,-79,-40,-54,-45,-43,-45,-64,-47,-87,-84,-75,-83,-97,-97,-105,-107,-112,-112,-153,-152,-158,-153,-178,-123,-130,-127,-141,-138,-198,-20,-22,-22,-28,-22,-41,-32,-65,-27,-19,-11,-32,-30,-495,-500]} 1. e4 e5 2. Nf3 Nc6 3. Nc3 Nf6 4. Bb5 Bd6 5. d3 h6 6. O-O {C48: Four Knights: 4 Bb5, replies other than 4...Bb4} (6. a3 a6 7. Bc4 Bc5 8. b4 Ba7 9. h3 d6 10. Ne2 Be6 11. Bxe6 fxe6 12. Ng3 O-O 13. c3 Qe8 14. O-O Nh5 15. Nxh5 Qxh5 {½-½ (24) Svidler,P (2741)-Yu,Y (2750) Shenzhen 2017}) 6... O-O 7. h3 Re8 8. Re1 {The position is equal.} Bf8 9. Nd5 $146 ({Predecessor:} 9. Be3 d6 10. d4 exd4 11. Nxd4 Bd7 12. Nxc6 Bxc6 13. Bxc6 bxc6 {1-0 (51) Vajda,S (2401)-Velcheva,M (2295) Predeal 2006}) 9... a6 10. Ba4 b5 11. Bb3 Na5 $1 12. c3 Nxb3 13. Qxb3 c6 14. Nxf6+ Qxf6 15. d4 d6 16. dxe5 dxe5 17. Nh2 Qg6 {[#] And now ...Bxh3 would win.} 18. Kh1 Be6 19. Qc2 c5 20. Be3 c4 21. Nf3 Qh5 22. Qe2 f6 (22... a5 {keeps more tension.} 23. a4 b4 24. cxb4 Bxb4 25. Red1 f6) 23. Nd4 Qxe2 24. Nxe2 a5 25. a4 b4 26. cxb4 axb4 27. a5 Bc8 28. Rec1 Ba6 29. Ng3 Red8 30. Nf1 Rac8 (30... Rd3 $19 31. Rab1 c3) 31. Bb6 $17 Rd3 32. Ne3 c3 33. bxc3 (33. Rab1 $17 {was necessary.}) 33... bxc3 $2 ({Black should play} 33... Rcxc3 $19 34. Nd5 Rxc1+ 35. Rxc1 Ra3) 34. Nd5 $11 Bd6 $36 {[%mdl 2048] White must now prevent ...f5! White is under pressure.} 35. Rc2 Kf7 36. f3 {[#]} f5 $1 {[%mdl 512]} 37. Kh2 (37. exf5 Rxd5) 37... fxe4 38. fxe4 Rc4 39. Rac1 {[%cal Rc2c3]} Rxe4 40. Rxc3 $2 {[%mdl 8192]} (40. Nxc3 $11 Red4 41. Kg1) 40... Rxd5 {Precision: White = 30%, Black = 67%.} 0-1

[Event "16th IRI-chT Super League 2017"]
[Site "Sari"]
[Date "2017.10.18"]
[Round "8"]
[White "Ghazaghi, Parmida"]
[Black "Alinasab, Mobina"]
[Result "0-1"]
[WhiteElo "1542"]
[BlackElo "2252"]
[Annotator "TA"]
[PlyCount "138"]
[EventDate "2017.??.??"]
[EventType "team-tourn"]
[EventCountry "IRI"]
[SourceTitle "playchess.com"]
[Source "ChessBase"]
[SourceQuality "1"]

{[%evp 9,138,8,22,-56,1,0,0,0,0,0,10,10,22,14,14,11,14,9,8,16,24,14,17,17,10,0,31,0,0,0,12,4,13,0,8,0,0,0,0,0,0,0,0,-29,0,0,0,0,0,0,0,0,0,-6,0,0,0,0,0,-8,-8,-8,-8,-9,-4,-8,0,-11,0,0,17,-28,-21,-21,0,-1244,-1261,-1591,-259,-1409,-835,-1591,-1591,-1512,0,-105,-105,-1232,-1189,-1201,-1143,-955,-812,-1503,-1532,-1424,-1333,-1211,-1110,-1062,-894,-612,-451,-12829,-10118,-1576,-966,-12831,-12831,-12829,-12829,-12829,-12819,-5208,-3704,-12841,-12838,-12839,-12839,-12839,-12839,-12840,-12839,-12839,-12840,-12840,-12839,-12840,-12840,-12843,-12843]} 1. e4 e6 2. d4 d5 3. Nd2 Be7 4. e5 c5 5. c3 Nc6 {LiveBook: 154 Games} 6. Ne2 {C03: French Tarrasch: Unusual Black 3rd moves} (6. Bd3 $11) (6. Bd3 h5 7. Ndf3 Bd7 8. Ne2 cxd4 9. cxd4 Nb4 10. Bb1 Bb5 11. O-O Rc8 12. Re1 g5 13. Nc3 Ba6 {1-0 (46) Blomqvist,E (2546)-Eljanov,P (2755) Malmo 2017}) 6... Qb6 (6... f6 $1 $15) 7. Nb3 cxd4 8. cxd4 {The position is equal.} a5 9. a4 $146 ({Predecessor:} 9. Be3 a4 10. Nc5 Bxc5 11. dxc5 Qxb2 12. f4 Qb4+ 13. Qd2 Qxd2+ 14. Kxd2 {1-0 (34) Henninger,H (1759)-Fredericia,E (1544) Helsingor 2013}) 9... Bb4+ 10. Nc3 Nge7 11. Bd3 Nf5 12. Bxf5 exf5 13. O-O Be6 14. Nb5 O-O 15. Bd2 Be7 16. Rc1 Rfc8 17. Qf3 Nb4 18. Rxc8+ Rxc8 19. Rc1 Rxc1+ 20. Nxc1 Qc6 {With the idea ...Qc2.} 21. Qc3 Bd7 22. b3 Qb6 23. Qc7 Qxc7 24. Nxc7 Bd8 25. Bxb4 Bxc7 $11 {[%mdl 4096] Endgame KBB-KBN} 26. Bc3 b5 27. axb5 Bxb5 28. f4 Kf8 29. Kf2 Ke7 30. Ne2 Bd3 31. Nc1 Bb5 32. Ke3 Kd7 33. Bb2 Kc6 34. Na2 Bf1 35. g3 Bd8 36. Ba3 g5 37. Nc3 Bh3 38. Bf8 h5 39. Ne2 Bf1 40. Kf2 Bxe2 41. Kxe2 {KB-KB} Kb5 42. h3 $2 {[%mdl 8192]} (42. fxg5 $11 Bxg5 43. Kd3) 42... gxf4 $19 43. gxf4 Bh4 $2 (43... a4 44. bxa4+ Kxa4) 44. Ba3 $2 (44. Kd3 Bg3 45. Ke3) 44... Bg3 45. Kf3 Be1 46. Ke2 Bg3 $2 (46... Bb4 $19 47. Bb2 a4 48. bxa4+ Kxa4) 47. Kf3 $1 $17 {[%cal Rf3g3] [#]} Bh2 $1 48. Ke3 $2 {[%mdl 8192]} (48. Be7 $17) 48... a4 $19 {Black is clearly winning.} 49. bxa4+ Kxa4 50. Bc1 Bg3 51. Kf3 Be1 52. Ke3 Kb3 53. Kd3 Bb4 54. Be3 Kb2 55. Bf2 Kc1 56. Be3+ {[#]} (56. Bh4 $142 Bd2 57. Bg5) 56... Kd1 $1 57. Bf2 Ba5 58. h4 Bb4 59. Bg3 Bd2 60. Bh2 Be1 61. Bg1 Bxh4 62. Be3 Be1 63. Bg1 Bd2 64. Bf2 Bxf4 65. Kc3 Ke2 66. Bh4 Bd2+ 67. Kc2 Be1 68. Bg5 h4 69. Bf4 Bg3 {Precision: White = 47%, Black = 58%.} 0-1

[Event "16th IRI-chT Super League 2017"]
[Site "Sari"]
[Date "2017.10.19"]
[Round "9"]
[White "Idani, Pouya"]
[Black "Bagheri, Maziar"]
[Result "1-0"]
[WhiteElo "2572"]
[BlackElo "2283"]
[Annotator "TA"]
[PlyCount "90"]
[EventDate "2017.??.??"]
[EventType "team-tourn"]
[EventCountry "IRI"]
[SourceTitle "playchess.com"]
[Source "ChessBase"]
[SourceQuality "1"]

{[%evp 14,90,108,110,107,94,101,106,129,115,112,113,135,136,141,124,163,145,167,173,187,134,136,136,134,135,153,150,137,135,146,120,115,117,138,112,158,110,198,197,214,211,310,309,399,401,376,375,365,333,327,310,465,332,347,339,342,340,319,322,432,446,444,437,446,435,440,414,562,547,614,552,614,600,592,577,552,527,737]} 1. e4 e5 2. Nf3 Nc6 3. Bb5 a6 4. Ba4 Nf6 5. O-O Be7 6. Re1 O-O 7. Bxc6 dxc6 8. Nxe5 {LiveBook: 9 Games. C87: Closed Ruy Lopez: Steinitz-type lines after 6 Re1 d6} c5 (8... Bd6 9. Nf3 Bc5 10. d4 Ba7 11. h3 Re8 12. e5 Nd5 13. c4 Ne7 14. Nc3 Bf5 15. Ne4 h6 {1-0 (46) Domogaev,S (2435)-Kurilin,A (2335) Rilsk 2017}) 9. h3 Re8 10. d3 {White is better.} Be6 $146 ({Predecessor:} 10... Bf8 11. Nf3 h6 12. Nbd2 Be6 13. Nf1 g6 14. Bd2 Kh7 15. Ng3 Bg7 {1-0 (39) Esen,B (2246)-Youssef,G Ajelat 2003}) 11. Nf3 h6 12. Nc3 Qd7 13. Be3 Rad8 14. Ne5 Qc8 15. f4 Bf8 16. Qf3 Bd6 17. Qf2 (17. Nc4 $18) 17... Bxe5 $16 18. fxe5 Nd7 19. Bxc5 Nxc5 20. Qxc5 b6 21. Qe3 c5 22. Ne2 {[%cal Bc3e2,Be2g3,Bg3h5][%mdl 32]} Qb8 23. Qf4 Re7 24. Rad1 b5 25. a3 Red7 (25... Bc8 $16) 26. Rf1 a5 27. Ng3 c4 (27... g6 $142 28. Ne2 a4) 28. Nh5 $18 {[#] And now Qg3 would win.} Kh8 29. Rf3 cxd3 30. cxd3 Bb3 31. Rd2 Qb6+ 32. Kh2 Qg6 (32... Rd4 {was called for.} 33. Ng3 Be6) 33. Qh4 {[#] Hoping for Rg3.} Qg5 34. Qxg5 hxg5 35. d4 {[%cal Bd3d4,Bd4d5][%mdl 32]} a4 36. d5 Re8 37. Rf5 f6 38. Ng3 ({Not} 38. exf6 g6 $18) 38... Rxe5 39. Rxe5 fxe5 {[%mdl 4096] Endgame KRB-KRN} 40. Nf5 Ba2 41. Ne3 {White is clearly winning.} Bb1 42. Ng4 Bxe4 43. d6 Kg8 44. Nxe5 Rd8 45. Kg3 Bf5 {Precision: White = 73%, Black = 45%.} 1-0

[Event "16th IRI-chT Super League 2017"]
[Site "Sari"]
[Date "2017.10.19"]
[Round "9"]
[White "Darini, Pouria"]
[Black "Bolourchifard, Farzad"]
[Result "1-0"]
[WhiteElo "2481"]
[BlackElo "2303"]
[Annotator "TA"]
[PlyCount "89"]
[EventDate "2017.??.??"]
[EventType "team-tourn"]
[EventCountry "IRI"]
[SourceTitle "playchess.com"]
[Source "ChessBase"]
[SourceQuality "1"]

{[%evp 21,89,41,38,46,35,37,43,37,47,43,50,36,40,38,48,37,56,50,91,84,86,74,95,83,98,43,119,54,191,189,193,185,223,212,357,203,377,372,350,380,420,425,411,407,404,400,516,514,537,506,452,0,492,479,468,467,410,252,243,252,448,259,586,337,320,331,639,639,625,627]} 1. e4 e5 2. Nf3 Nc6 3. d4 exd4 4. Nxd4 Bb4+ 5. c3 Bc5 6. Be3 Bb6 7. Nf5 g6 {C45: Scotch Game} 8. Bxb6 axb6 9. Ne3 Nf6 10. f3 Qe7 11. c4 Qb4+ {LiveBook: 21 Games} 12. Qd2 Qxd2+ $1 13. Kxd2 d6 14. Nc3 Kd8 15. Be2 {[#]} Ne8 $146 16. Rad1 Ng7 17. Rhe1 $36 {[%mdl 2048] Black is under pressure.} Rf8 18. Bd3 f6 19. Kc1 Be6 20. f4 Bd7 21. Bb1 f5 22. Ned5 fxe4 23. Nxe4 ({White should play} 23. Rxe4 $16 Nh5 24. Rde1) 23... Bf5 ({Better is} 23... Be6 $14) 24. Nec3 (24. Nef6 $16) 24... Bxb1 (24... Be6 $14) 25. Kxb1 $18 Rc8 26. Ne4 h6 27. g4 Rf7 (27... Rb8 {was necessary.} 28. Nxb6 Rxf4) 28. Re3 (28. Rd3 $142) 28... Ne8 $2 {[#]} (28... Ne7) 29. Rde1 Kd7 30. Rh3 Ne7 31. Rxh6 Nxd5 32. cxd5 c6 33. Ng5 Rg7 34. Ne6 Re7 35. Nf8+ Kd8 36. Ne6+ Kd7 37. Rxg6 Nc7 38. f5 {[%cal Bf4f5,Bf5f6,Bf6f7][%mdl 32]} Nxd5 39. Rf1 Rh8 40. Rf2 Ne3 $2 {[#]} (40... Nb4 41. Re2 Reh7) 41. Nf4 (41. Re2 $142) 41... Rh4 $2 (41... Rf7 {is a better chance.} 42. h3 Re8) 42. f6 Nxg4 43. Rxg4 Re1+ $2 (43... Rxg4 44. fxe7 Kxe7) 44. Kc2 Rxg4 45. f7 {Precision: White = 53%, Black = 32%.} 1-0

[Event "16th IRI-chT Super League 2017"]
[Site "Sari"]
[Date "2017.10.19"]
[Round "9"]
[White "Golizadeh, Asghar"]
[Black "Afshari, Mohammadreza"]
[Result "1/2-1/2"]
[WhiteElo "2466"]
[BlackElo "2175"]
[Annotator "TA"]
[PlyCount "97"]
[EventDate "2017.??.??"]
[EventType "team-tourn"]
[EventCountry "IRI"]
[SourceTitle "playchess.com"]
[Source "ChessBase"]
[SourceQuality "1"]

{[%evp 18,97,28,23,33,-12,0,-63,-47,-49,-44,-67,350,347,343,341,708,697,1440,504,465,408,374,-70,-109,-118,-168,-178,-57,-58,-58,-58,-58,-58,-58,-60,-27,-52,-51,-52,-44,-55,18,18,25,30,39,36,37,29,57,17,23,4,10,4,4,4,7,4,4,18,89,170,121,39,28,15,65,0,0,0,0,0,0,0,0,0,0,0,0,0]} 1. e4 c5 2. Nf3 e6 3. d4 cxd4 4. Nxd4 Nc6 5. Nc3 Qc7 6. Be3 a6 7. Be2 b5 8. Nxc6 Qxc6 9. O-O Bb7 10. Bf3 Qc7 {B49: Sicilian: Taimanov: 5 Nc3 Qc7 6 Be3 a6 7 Be2} 11. Qd4 (11. e5 Rc8 12. Bxb7 Qxb7 13. Qd3 f5 14. exf6 Nxf6 15. Bd4 Be7 16. Rad1 b4 17. Bxf6 Bxf6 18. Ne4 {1-0 (38) Bruzon Batista,L (2664)-Rodshtein,M (2671) Tromsoe 2014}) 11... Ne7 12. Nd5 $146 (12. Rad1 $11) ({Predecessor:} 12. Qd2 Ng6 13. Rad1 Be7 14. Bd4 O-O 15. g3 d6 16. a3 Rac8 17. Bg2 {0-1 (35) Thorsteinsson,A (2245)-Arkell,K (2460) Reykjavik 1990}) 12... exd5 $15 {Black is slightly better.} 13. exd5 d6 (13... Qxc2 14. Rae1 $11) 14. Rfe1 O-O-O $2 {[%mdl 8192] [#]} (14... Qxc2 $2 15. Qb6 $18) (14... Qc4 $1 $15 {keeps the upper hand.} 15. Qb6 Bxd5 16. Bxd5 Qxd5) 15. c4 $1 $18 {[%mdl 512] Black must now prevent cxb5.} b4 (15... bxc4 16. Rac1) 16. Rac1 Nf5 $2 (16... a5 17. c5 Nf5 18. cxd6 Nxd4 19. Rxc7+ (19. dxc7 $2 {too greedy.} Nxf3+ 20. gxf3 Rxd5 $19) 19... Kb8) 17. Bg4 Qd7 18. Qf4 (18. Bxf5 $142 {White wants to mate with c5.} Qxf5 19. Qb6) 18... g6 19. c5 {Threatens to win with Bxf5.} Bxd5 {And now ...dxc5 would win.} 20. cxd6+ $2 ({White should try} 20. c6 $18 Bxc6 21. Qxb4 (21. Qc4 Kb8 $18)) 20... Kb8 $15 21. Qxb4+ Qb7 22. Qxb7+ Bxb7 (22... Kxb7 $19 23. Rc7+ Kb8 24. Bxf5 Bxd6) 23. Bg5 Bxd6 24. Bxd8 Rxd8 25. Bxf5 gxf5 26. Red1 Bc7 27. Rxd8+ Bxd8 28. b3 Bc8 29. Rc6 f6 (29... Bg5 $1 $15) 30. Rc4 $11 f4 31. Rxf4 Kc7 32. Rc4+ Kb7 33. Rc5 f5 34. g3 Bf6 35. h4 Be6 36. Kf1 Kb6 37. Rc2 a5 38. Ke2 Bd4 39. Kf3 Bd5+ (39... Be5 $11) 40. Kf4 $16 Be4 {[#]} 41. Rd2 (41. Re2 $1 $16) 41... Bc3 $14 42. Rd7 h5 43. g4 (43. Rd8 $14) 43... Kc6 $11 {The position is equal.} ({Much worse is} 43... hxg4 44. h5 $14) 44. Rd8 {aiming for Rc8+.} Kc7 45. Rd1 Bc2 46. Rd5 Kc6 47. Rd8 {Rc8+ is the strong threat.} Kc7 48. Rd5 {Strongly threatening Rc5+.} Kc6 49. Rd8 {Precision: White = 49%, Black = 36%.} 1/2-1/2